Esame sesso : romanzo /

সংরক্ষণ করুন:
গ্রন্থ-পঞ্জীর বিবরন
প্রধান লেখক: Catling, Patrick Skene (লেখক)
অন্যান্য লেখক: Pera, Renato
বিন্যাস: গ্রন্থ
ভাষা:ইতালিয়
প্রকাশিত: Milano : Longanesi, 1969
মালা:La ginestra ; 106
ট্যাগগুলো: ট্যাগ যুক্ত করুন
কোনো ট্যাগ নেই, প্রথমজন হিসাবে ট্যাগ করুন!

MARC

LEADER 00000nam a22000007i 4500
001 IT\ICCU\SBL\0109296
003 ItRI
005 20250924121935.0
008 910930s1969 it |||||| ||||| |||||c
015 |2 IT  |a 703160 
040 |b ita  |c ct 
041 7 |a ita  |2 ISO-639-2 
082 |a 823.91  |2 17 
100 1 |a Catling, Patrick Skene  |0 IT\ICCU\SBLV\066228  |4 aut 
240 1 4 |a The experiment .  |9 Catling, Patrick Skene 
245 1 0 |a Esame sesso :  |b romanzo /  |c di Patrick Skene Catling ; traduzione di Renato Pera. 
260 |a Milano :  |b Longanesi,  |c 1969 
300 |a 386 p. ;  |c 18 cm. 
700 1 |a Pera, Renato  |0 IT\ICCU\SBLV\066229 
830 3 |a La ginestra ;  |v 106  |0 IT\ICCU\RAV\0048237 
942 |2 ddc  |c BK 
952 |0 0  |1 0  |2 ddc  |4 0  |6 B_LNR02CATPAESA11  |7 0  |9 5865  |a MI  |b MI  |d 2006-04-11  |i 422  |l 0  |o B-LNR02-CATPA-ESA11  |p CDOM422  |r 2025-07-13 16:28:00  |w 2025-07-13  |x OLIVARI  |y BK 
981 1 |6 z01  |a i   |b xxxe  
982 1 |6 z01  |a n 
999 |c 4684  |d 4684